[Event "Test Tournament"]
[Site "Emanuel Lasker Arena"]
[Date "2024.04.02"]
[Round "1"]
[White "BobFuscher"]
[Black "Antonella"]
[Result "1-0"]
[WhiteElo "2255"]
[BlackElo "2109"]
[Annotator "RC"]
[PlyCount "85"]
[EventDate "2024.04.02"]
[EventType "swiss (blitz)"]

1. c4 {[%emt 0:00:01]} g6 {[%emt 0:00:01]} 2. Nc3 {[%emt 0:00:01]} Bg7 {[%emt 0:00:01]} 3. d4 {[%emt 0:00:01]} Nf6 {[%emt 0:00:01]} 4. e4 {[%emt 0:00:01]} d6 {[%emt 0:00:01]} 5. h3 {[%emt 0:00:01]} O-O {[%emt 0:00:02]} 6. Be3 {[%emt 0:00:01]} Na6 {[%emt 0:00:01]} 7. Nf3 {[%emt 0:00:01]} e5 {[%emt 0:00:01]} 8. dxe5 {[%emt 0:00:01]} dxe5 {[%emt 0:00:01]} 9. Be2 {[%emt 0:00:01]} Nb4 {[%emt 0:00:01]} 10. O-O {[%emt 0:00:01]} Qe7 {[%emt 0:00:01]} 11. a3 {[%emt 0:00:01]} Rd8 {[%emt 0:00:01]} 12. Qa4 {[%emt 0:00:01]} Nd3 {[%emt 0:00:01]} 13. Nd5 {[%emt 0:00:02]} Nxd5 {[%emt 0:00:00]} 14. cxd5 {[%emt 0:00:00]} Bd7 {[%emt 0:00:01]} 15. Qa5 {[%emt 0:00:02]} b6 {[%emt 0:00:02]} 16. Qc3 {[%emt 0:00:02]} Nf4 {[%emt 0:00:02]} 17. Ba6 {[%emt 0:00:01]} b5 {[%emt 0:00:01]} 18. Qxc7 {[%emt 0:00:01]} f5 {[%emt 0:00:01]} 19. Bxb5 {[%emt 0:00:01]} Rac8 {[%emt 0:00:01]} 20. d6 {[%emt 0:00:02]} Qf6 {[%emt 0:00:02]} 21. Bxd7 {[%emt 0:00:01]} Ne2+ {[%emt 0:00:01]} 22. Kh1 {[%emt 0:00:01]} Rxc7 {[%emt 0:00:01]} 23. dxc7 {[%emt 0:00:00]} h5 {[%emt 0:00:02]} 24. Bg5 {[%emt 0:00:01]} Ng3+ {[%emt 0:00:01]} 25. fxg3 {[%emt 0:00:01]} Rxd7 {[%emt 0:00:02]} 26. c8=Q+ {[%emt 0:00:01]} Qf8 {[%emt 0:00:01]} 27. Qxd7 {[%emt 0:00:01]} Qc5 {[%emt 0:00:02]} 28. Qe6+ {[%emt 0:00:01]} Kh7 {[%emt 0:00:01]} 29. exf5 {[%emt 0:00:02]} gxf5 {[%emt 0:00:00]} 30. Qxf5+ {[%emt 0:00:01]} Kh8 {[%emt 0:00:01]} 31. Bh4 {[%emt 0:00:01]} Qe3 {[%emt 0:00:01]} 32. Qxh5+ {[%emt 0:00:01]} Qh6 {[%emt 0:00:01]} 33. Qxh6+ {[%emt 0:00:01]} Bxh6 {[%emt 0:00:00]} 34. Bf6+ {[%emt 0:00:01]} Kh7 {[%emt 0:00:01]} 35. Ng5+ {[%emt 0:00:01]} Kg6 {[%emt 0:00:01]} 36. Bxe5 {[%emt 0:00:01]} Bxg5 {[%emt 0:00:00]} 37. Bh8 {[%emt 0:00:01]} Be3 {[%emt 0:00:02]} 38. Rf6+ {[%emt 0:00:01]} Kh7 {[%emt 0:00:01]} 39. Rf3 {[%emt 0:00:01]} Kxh8 {[%emt 0:00:01]} 40. Rxe3 {[%emt 0:00:01]} a5 {[%emt 0:00:01]} 41. Re8+ {[%emt 0:00:01]} Kg7 {[%emt 0:00:08]} 42. g4 {[%emt 0:00:01]} a4 {[%emt 0:00:02]} 43. Re7+ {[%emt 0:00:01]} 1-0

[Event "Test Tournament"]
[Site "Emanuel Lasker Arena"]
[Date "2024.04.02"]
[Round "1"]
[White "Leuwe"]
[Black "ArrowPlay"]
[Result "1-0"]
[WhiteElo "2250"]
[BlackElo "1983"]
[Annotator "RC"]
[PlyCount "70"]
[EventDate "2024.04.02"]
[EventType "swiss (blitz)"]

1. e4 {[%emt 0:00:01]} c5 {[%emt 0:00:01]} 2. Nf3 {[%emt 0:00:01]} d6 {[%emt 0:00:01]} 3. d4 {[%emt 0:00:01]} cxd4 {[%emt 0:00:01]} 4. Nxd4 {[%emt 0:00:01]} Nf6 {[%emt 0:00:01]} 5. Nc3 {[%emt 0:00:01]} g6 {[%emt 0:00:01]} 6. Be3 {[%emt 0:00:01]} Bg7 {[%emt 0:00:01]} 7. f3 {[%emt 0:00:01]} O-O {[%emt 0:00:01]} 8. Qd2 {[%emt 0:00:01]} Nc6 {[%emt 0:00:01]} 9. Bc4 {[%emt 0:00:01]} Nxd4 {[%emt 0:00:02]} 10. Bxd4 {[%emt 0:00:01]} Qa5 {[%emt 0:00:01]} 11. O-O-O {[%emt 0:00:01]} Bd7 {[%emt 0:00:01]} 12. Bb3 {[%emt 0:00:01]} b5 {[%emt 0:00:01]} 13. Kb1 {[%emt 0:00:01]} b4 {[%emt 0:00:02]} 14. Ne2 {[%emt 0:00:01]} Rab8 {[%emt 0:00:01]} 15. g4 {[%emt 0:00:01]} e5 {[%emt 0:00:01]} 16. Be3 {[%emt 0:00:02]} Ba4 {[%emt 0:00:02]} 17. Qxd6 {[%emt 0:00:01]} Rfe8 {[%emt 0:00:02]} 18. h4 {[%emt 0:00:02]} h6 {[%emt 0:00:02]} 19. Bxh6 {[%emt 0:00:01]} Rbd8 {[%emt 0:00:01]} 20. Bxf7+ {[%emt 0:00:01]} Kxf7 {[%emt 0:00:01]} 21. Rd5 {[%emt 0:00:02]} Bxc2+ {[%emt 0:00:02]} 22. Kxc2 {[%emt 0:00:01]} Nxd5 {[%emt 0:00:00]} 23. Qc6 {[%emt 0:00:01]} Rc8 {[%emt 0:00:01]} 24. exd5 {[%emt 0:00:01]} Rxc6+ {[%emt 0:00:00]} 25. dxc6 {[%emt 0:00:00]} Qc5+ {[%emt 0:00:01]} 26. Kb1 {[%emt 0:00:01]} Bxh6 {[%emt 0:00:00]} 27. c7 {[%emt 0:00:02]} Rh8 {[%emt 0:00:01]} 28. g5 {[%emt 0:00:02]} Qxc7 {[%emt 0:00:01]} 29. gxh6 {[%emt 0:00:00]} Qc4 {[%emt 0:00:01]} 30. Ng3 {[%emt 0:00:02]} Qd3+ {[%emt 0:00:01]} 31. Ka1 {[%emt 0:00:01]} Rxh6 {[%emt 0:00:01]} 32. Ne4 {[%emt 0:00:01]} Ke7 {[%emt 0:00:01]} 33. Rc1 {[%emt 0:00:01]} Qd7 {[%emt 0:00:01]} 34. a3 {[%emt 0:00:02]} Rxh4 {[%emt 0:00:01]} 35. Rc4 {[%emt 0:00:02]} Qd1+ {[%emt 0:00:01]} 1-0

[Event "Test Tournament"]
[Site "Emanuel Lasker Arena"]
[Date "2024.04.09"]
[Round "1"]
[White "Controller"]
[Black "Josha Matin"]
[Result "1/2-1/2"]
[WhiteElo "2243"]
[BlackElo "2225"]
[Annotator "RC"]
[PlyCount "105"]
[EventDate "2024.04.09"]
[EventType "swiss (blitz)"]

1. e4 {[%emt 0:00:01]} c6 {[%emt 0:00:01]} 2. d4 {[%emt 0:00:01]} d5 {[%emt 0:00:01]} 3. e5 {[%emt 0:00:01]} Bf5 {[%emt 0:00:01]} 4. g4 {[%emt 0:00:01]} Be4 {[%emt 0:00:01]} 5. f3 {[%emt 0:00:01]} Bg6 {[%emt 0:00:01]} 6. h4 {[%emt 0:00:01]} h6 {[%emt 0:00:01]} 7. h5 {[%emt 0:00:01]} Bh7 {[%emt 0:00:01]} 8. Nc3 {[%emt 0:00:04]} c5 {[%emt 0:00:01]} 9. Bb5+ {[%emt 0:00:01]} Nc6 {[%emt 0:00:01]} 10. e6 {[%emt 0:00:04]} cxd4 {[%emt 0:00:01]} 11. Bxc6+ {[%emt 0:00:01]} bxc6 {[%emt 0:00:01]} 12. exf7+ {[%emt 0:00:01]} Kxf7 {[%emt 0:00:01]} 13. Qxd4 {[%emt 0:00:01]} Nf6 {[%emt 0:00:04]} 14. Qe5 {[%emt 0:00:04]} Qb8 {[%emt 0:00:05]} 15. Bf4 {[%emt 0:00:04]} Qxb2 {[%emt 0:00:01]} 16. Rb1 {[%emt 0:00:03]} Qxc2 {[%emt 0:00:01]} 17. Rh2 {[%emt 0:00:03]} Nd7 {[%emt 0:00:03]} 18. Rxc2 {[%emt 0:00:01]} Nxe5 {[%emt 0:00:01]} 19. Bxe5 {[%emt 0:00:01]} Bxc2 {[%emt 0:00:01]} 20. Rb7 {[%emt 0:00:03]} Bd3 {[%emt 0:00:04]} 21. f4 {[%emt 0:00:02]} Rg8 {[%emt 0:00:03]} 22. Nf3 {[%emt 0:00:02]} g6 {[%emt 0:00:03]} 23. Bd4 {[%emt 0:00:02]} Bg7 {[%emt 0:00:03]} 24. Kf2 {[%emt 0:00:01]} Bxd4+ {[%emt 0:00:03]} 25. Nxd4 {[%emt 0:00:01]} gxh5 {[%emt 0:00:01]} 26. Nxc6 {[%emt 0:00:01]} Kf8 {[%emt 0:00:02]} 27. a4 {[%emt 0:00:01]} Rxg4 {[%emt 0:00:01]} 28. Rxe7 {[%emt 0:00:01]} Rc8 {[%emt 0:00:01]} 29. Re6 {[%emt 0:00:02]} Rxf4+ {[%emt 0:00:01]} 30. Ke3 {[%emt 0:00:01]} Rc4 {[%emt 0:00:01]} 31. Nxa7 {[%emt 0:00:01]} Rxc3 {[%emt 0:00:01]} 32. Kd2 {[%emt 0:00:01]} R8c7 {[%emt 0:00:01]} 33. Rxh6 {[%emt 0:00:01]} Ra3 {[%emt 0:00:01]} 34. Nc6 {[%emt 0:00:01]} Rh7 {[%emt 0:00:01]} 35. Rd6 {[%emt 0:00:01]} Rb7 {[%emt 0:00:01]} 36. Nd8 {[%emt 0:00:01]} Rb2+ {[%emt 0:00:01]} 37. Ke3 {[%emt 0:00:01]} Ke7 {[%emt 0:00:01]} 38. Rh6 {[%emt 0:00:01]} Kxd8 {[%emt 0:00:01]} 39. Rxh5 {[%emt 0:00:01]} Bg6+ {[%emt 0:00:00]} 40. Kd4 {[%emt 0:00:00]} Rxa4+ {[%emt 0:00:01]} 41. Ke5 {[%emt 0:00:00]} Re2+ {[%emt 0:00:01]} 42. Kxd5 {[%emt 0:00:00]} Bxh5 {[%emt 0:00:01]} 43. Kd6 {[%emt 0:00:00]} Bg6 {[%emt 0:00:00]} 44. Kc6 {[%emt 0:00:00]} Bb1 {[%emt 0:00:01]} 45. Kd6 {[%emt 0:00:00]} Ra3 {[%emt 0:00:01]} 46. Kd5 {[%emt 0:00:00]} Kc7 {[%emt 0:00:01]} 47. Kc5 {[%emt 0:00:00]} Rf3 {[%emt 0:00:01]} 48. Kd5 {[%emt 0:00:00]} Rg3 {[%emt 0:00:01]} 49. Kc5 {[%emt 0:00:00]} Kd7 {[%emt 0:00:01]} 50. Kd5 {[%emt 0:00:00]} Rf3 {[%emt 0:00:01]} 51. Kc5 {[%emt 0:00:00]} Rg3 {[%emt 0:00:01]} 52. Kb4 {[%emt 0:00:00]} Rh3 {[%emt 0:00:01] '} 53. Kc5 {[%emt 0:00:00] (Lag: Av=0.08s, max=1.1s)} 1/2-1/2

[Event "Test Tournament"]
[Site "Emanuel Lasker Arena"]
[Date "2024.04.02"]
[Round "1"]
[White "Swindler"]
[Black "CarlsenVomFach"]
[Result "*"]
[WhiteElo "2233"]
[BlackElo "2069"]
[Annotator "RC"]
[PlyCount "70"]
[EventDate "2024.04.02"]
[EventType "swiss (blitz)"]

1. e4 {[%emt 0:00:01]} e5 {[%emt 0:00:01]} 2. Nf3 {[%emt 0:00:01]} Nc6 {[%emt 0:00:01]} 3. Bb5 {[%emt 0:00:01]} a6 {[%emt 0:00:01]} 4. Ba4 {[%emt 0:00:01]} d6 {[%emt 0:00:01]} 5. c3 {[%emt 0:00:01]} Bd7 {[%emt 0:00:01]} 6. d4 {[%emt 0:00:01]} g6 {[%emt 0:00:01]} 7. Be3 {[%emt 0:00:01]} b5 {[%emt 0:00:01]} 8. Bb3 {[%emt 0:00:02]} Bg7 {[%emt 0:00:01]} 9. Ng5 {[%emt 0:00:02]} Nh6 {[%emt 0:00:01]} 10. h4 {[%emt 0:00:01]} exd4 {[%emt 0:00:01]} 11. Bf4 {[%emt 0:00:01]} Qf6 {[%emt 0:00:01]} 12. Qf3 {[%emt 0:00:01]} O-O {[%emt 0:00:01]} 13. h5 {[%emt 0:00:01]} Bg4 {[%emt 0:00:01]} 14. Qg3 {[%emt 0:00:01]} Bxh5 {[%emt 0:00:00]} 15. Bd5 {[%emt 0:00:01]} Na5 {[%emt 0:00:02]} 16. b4 {[%emt 0:00:01]} c6 {[%emt 0:00:01]} 17. a4 {[%emt 0:00:01]} cxd5 {[%emt 0:00:01]} 18. bxa5 {[%emt 0:00:00]} dxc3 {[%emt 0:00:01]} 19. Rxh5 {[%emt 0:00:01]} gxh5 {[%emt 0:00:01]} 20. axb5 {[%emt 0:00:00]} axb5 {[%emt 0:00:00]} 21. Kf1 {[%emt 0:00:01]} h4 {[%emt 0:00:01]} 22. Qe3 {[%emt 0:00:01]} b4 {[%emt 0:00:01]} 23. Ra4 {[%emt 0:00:01]} d4 {[%emt 0:00:01]} 24. Qf3 {[%emt 0:00:03]} b3 {[%emt 0:00:01]} 25. Kg1 {[%emt 0:00:01]} Rfc8 {[%emt 0:00:01]} 26. Na3 {[%emt 0:00:01]} b2 {[%emt 0:00:01]} 27. Rb4 {[%emt 0:00:01]} Rxa5 {[%emt 0:00:01]} 28. Qh3 {[%emt 0:00:01]} Re8 {[%emt 0:00:02]} 29. Qd7 {[%emt 0:00:01]} Rd8 {[%emt 0:00:01]} 30. Qc7 {[%emt 0:00:02]} Rxa3 {[%emt 0:00:00]} 31. f3 {[%emt 0:00:01]} Ra1+ {[%emt 0:00:01]} 32. Kf2 {[%emt 0:00:01]} b1=R {[%emt 0:00:01]} 33. Rxb1 {[%emt 0:00:01]} Rxb1 {[%emt 0:00:01]} 34. Nh3 {[%emt 0:00:01]} Rb2+ {[%emt 0:00:01]} 35. Kg1 {[%emt 0:00:01]} Rb1+ {[%emt 0:00:01]} *

[Event "Test Tournament"]
[Site "Emanuel Lasker Arena"]
[Date "2024.04.02"]
[Round "1"]
[White "Swindler"]
[Black "ArrowPlay"]
[Result "1-0"]
[WhiteElo "2233"]
[BlackElo "1998"]
[PlyCount "85"]
[EventDate "2024.04.02"]
[EventType "swiss (blitz)"]

1. e4 {[%emt 0:00:01]} Nf6 {[%emt 0:00:01]} 2. e5 {[%emt 0:00:01]} Nd5 {[%emt 0:00:01]} 3. d4 {[%emt 0:00:01]} d6 {[%emt 0:00:01]} 4. c4 {[%emt 0:00:01]} Nb6 {[%emt 0:00:01]} 5. f4 {[%emt 0:00:01]} dxe5 {[%emt 0:00:01]} 6. fxe5 {[%emt 0:00:01]} Bf5 {[%emt 0:00:01]} 7. Be3 {[%emt 0:00:01]} e6 {[%emt 0:00:01]} 8. Nc3 {[%emt 0:00:01]} Nc6 {[%emt 0:00:02]} 9. Nf3 {[%emt 0:00:01]} Bb4 {[%emt 0:00:01]} 10. Be2 {[%emt 0:00:01]} Bxc3+ {[%emt 0:00:00]} 11. bxc3 {[%emt 0:00:01]} Na5 {[%emt 0:00:01]} 12. Bg5 {[%emt 0:00:01]} f6 {[%emt 0:00:02]} 13. c5 {[%emt 0:00:02]} fxg5 {[%emt 0:00:01]} 14. cxb6 {[%emt 0:00:00]} axb6 {[%emt 0:00:00]} 15. Qa4+ {[%emt 0:00:01]} Nc6 {[%emt 0:00:01]} 16. Qb5 {[%emt 0:00:02]} g4 {[%emt 0:00:01]} 17. Nd2 {[%emt 0:00:01]} Qg5 {[%emt 0:00:02]} 18. Nc4 {[%emt 0:00:03]} O-O {[%emt 0:00:02]} 19. a4 {[%emt 0:00:02]} Be4 {[%emt 0:00:01]} 20. h4 {[%emt 0:00:01]} gxh3 {[%emt 0:00:01]} 21. Rxh3 {[%emt 0:00:00]} Qxg2 {[%emt 0:00:00]} 22. Re3 {[%emt 0:00:02]} Qh1+ {[%emt 0:00:01]} 23. Kd2 {[%emt 0:00:01]} Qxa1 {[%emt 0:00:01]} 24. Rxe4 {[%emt 0:00:00]} Rxa4 {[%emt 0:00:01]} 25. Bd3 {[%emt 0:00:02]} Ra2+ {[%emt 0:00:01]} 26. Bc2 {[%emt 0:00:01]} Rf2+ {[%emt 0:00:01]} 27. Re2 {[%emt 0:00:01]} Rxe2+ {[%emt 0:00:00]} 28. Kxe2 {[%emt 0:00:01]} Rxc2+ {[%emt 0:00:02]} 29. Nd2 {[%emt 0:00:01]} Rxc3 {[%emt 0:00:00]} 30. Kf2 {[%emt 0:00:03]} Qa2 {[%emt 0:00:01]} 31. Qe2 {[%emt 0:00:02]} Nxd4 {[%emt 0:00:01]} 32. Qd1 {[%emt 0:00:03]} Rf3+ {[%emt 0:00:02]} 33. Kg1 {[%emt 0:00:01]} Rd3 {[%emt 0:00:01]} 34. Qh5 {[%emt 0:00:02]} Qa4 {[%emt 0:00:01]} 35. Nb3 {[%emt 0:00:02]} Rg3+ {[%emt 0:00:01]} 36. Kh2 {[%emt 0:00:01]} Qa2+ {[%emt 0:00:02]} 37. Kxg3 {[%emt 0:00:01]} Qxb3+ {[%emt 0:00:01]} 38. Kf4 {[%emt 0:00:01]} Qa3 {[%emt 0:00:02]} 39. Qg4 {[%emt 0:00:01]} Qc1+ {[%emt 0:00:01]} 40. Ke4 {[%emt 0:00:01]} Qc4 {[%emt 0:00:02]} 41. Qh5 {[%emt 0:00:01]} Nf5+ {[%emt 0:00:01]} 42. Kf3 {[%emt 0:00:01]} c5 {[%emt 0:00:04]} 43. Qe8# {[%emt 0:00:01]} 1-0

[Event "Test Tournament"]
[Site "Emanuel Lasker Arena"]
[Date "2024.04.02"]
[Round "1"]
[White "Swindler"]
[Black "ArrowPlay"]
[Result "*"]
[WhiteElo "2233"]
[BlackElo "1998"]
[Annotator "RC"]
[PlyCount "86"]
[EventDate "2024.04.02"]
[EventType "swiss (blitz)"]

1. e4 {[%emt 0:00:01]} c6 {[%emt 0:00:01]} 2. d4 {[%emt 0:00:01]} d5 {[%emt 0:00:01]} 3. e5 {[%emt 0:00:01]} Bf5 {[%emt 0:00:01]} 4. g4 {[%emt 0:00:01]} Be4 {[%emt 0:00:01]} 5. f3 {[%emt 0:00:01]} Bg6 {[%emt 0:00:01]} 6. h4 {[%emt 0:00:01]} h5 {[%emt 0:00:01]} 7. Be3 {[%emt 0:00:01]} Qb6 {[%emt 0:00:01]} 8. Nc3 {[%emt 0:00:01]} Qxb2 {[%emt 0:00:01]} 9. Na4 {[%emt 0:00:02]} Qa3 {[%emt 0:00:01]} 10. c3 {[%emt 0:00:01]} hxg4 {[%emt 0:00:00]} 11. fxg4 {[%emt 0:00:01]} e6 {[%emt 0:00:01]} 12. Bg5 {[%emt 0:00:02]} b5 {[%emt 0:00:02]} 13. Nh3 {[%emt 0:00:02]} Qxa4 {[%emt 0:00:00]} 14. Qf3 {[%emt 0:00:02]} Nd7 {[%emt 0:00:01]} 15. h5 {[%emt 0:00:03]} Be4 {[%emt 0:00:01]} 16. Qf4 {[%emt 0:00:02]} Bxh1 {[%emt 0:00:01]} 17. Be2 {[%emt 0:00:02]} Be4 {[%emt 0:00:01]} 18. Kf2 {[%emt 0:00:02]} Ne7 {[%emt 0:00:01]} 19. Bh4 {[%emt 0:00:01]} Qc2 {[%emt 0:00:01]} 20. Ng5 {[%emt 0:00:02]} f6 {[%emt 0:00:01]} 21. Nxe6 {[%emt 0:00:01]} Qxc3 {[%emt 0:00:00]} 22. Nc7+ {[%emt 0:00:01]} Kf7 {[%emt 0:00:01]} 23. Rd1 {[%emt 0:00:02]} Qh3 {[%emt 0:00:01]} 24. e6+ {[%emt 0:00:01]} Kg8 {[%emt 0:00:02]} 25. exd7 {[%emt 0:00:01]} Qxh4+ {[%emt 0:00:01]} 26. Ke3 {[%emt 0:00:01]} Rxh5 {[%emt 0:00:01]} 27. Nxa8 {[%emt 0:00:01]} Nf5+ {[%emt 0:00:02]} 28. gxf5 {[%emt 0:00:01]} Qh3+ {[%emt 0:00:01]} 29. Bf3 {[%emt 0:00:01]} Rxf5 {[%emt 0:00:01]} 30. Qxf5 {[%emt 0:00:01]} Qxf5 {[%emt 0:00:02]} 31. d8=Q {[%emt 0:00:01]} Bxf3 {[%emt 0:00:00]} 32. Rf1 {[%emt 0:00:03]} Qe4+ {[%emt 0:00:01]} 33. Kd2 {[%emt 0:00:01]} Qxd4+ {[%emt 0:00:01]} 34. Kc2 {[%emt 0:00:01]} Qc4+ {[%emt 0:00:01]} 35. Kd2 {[%emt 0:00:01]} Qxa2+ {[%emt 0:00:01]} 36. Kc1 {[%emt 0:00:01]} Qa1+ {[%emt 0:00:02]} 37. Kc2 {[%emt 0:00:01]} Qxf1 {[%emt 0:00:01]} 38. Nc7 {[%emt 0:00:03]} Be4+ {[%emt 0:00:01]} 39. Kd2 {[%emt 0:00:01]} Qd3+ {[%emt 0:00:01]} 40. Ke1 {[%emt 0:00:01]} Qe3+ {[%emt 0:00:01]} 41. Kf1 {[%emt 0:00:01]} a5 {[%emt 0:00:01]} 42. Ne8 {[%emt 0:00:01]} Qf3+ {[%emt 0:00:01]} 43. Kg1 {[%emt 0:00:01]} Qg2# {[%emt 0:00:01]} *

[Event "Test Tournament"]
[Site "Emanuel Lasker Arena"]
[Date "2024.04.09"]
[Round "1"]
[White "CarlsenVomFach"]
[Black "Jamie Fraser"]
[Result "1-0"]
[WhiteElo "2231"]
[BlackElo "2119"]
[Annotator "RC"]
[PlyCount "63"]
[EventDate "2024.04.09"]
[EventType "swiss (blitz)"]

1. d4 {[%emt 0:00:01]} f5 {[%emt 0:00:01]} 2. g3 {[%emt 0:00:01]} Nf6 {[%emt 0:00:01]} 3. Bg2 {[%emt 0:00:01]} g6 {[%emt 0:00:01]} 4. Nf3 {[%emt 0:00:01]} Bg7 {[%emt 0:00:01]} 5. O-O {[%emt 0:00:01]} O-O {[%emt 0:00:01]} 6. b3 {[%emt 0:00:00]} d6 {[%emt 0:00:01]} 7. Bb2 {[%emt 0:00:01]} Qe8 {[%emt 0:00:04]} 8. c4 {[%emt 0:00:01]} Na6 {[%emt 0:00:04]} 9. Qc2 {[%emt 0:00:01]} c6 {[%emt 0:00:01]} 10. Nbd2 {[%emt 0:00:01]} h6 {[%emt 0:00:01]} 11. Rae1 {[%emt 0:00:01]} Nb4 {[%emt 0:00:01]} 12. Qb1 {[%emt 0:00:01]} b5 {[%emt 0:00:01]} 13. Bc3 {[%emt 0:00:01]} Ne4 {[%emt 0:00:05]} 14. Bxb4 {[%emt 0:00:02]} a5 {[%emt 0:00:03]} 15. Nxe4 {[%emt 0:00:01]} fxe4 {[%emt 0:00:01]} 16. Qxe4 {[%emt 0:00:01]} Bf5 {[%emt 0:00:01]} 17. Qe3 {[%emt 0:00:01]} axb4 {[%emt 0:00:01]} 18. cxb5 {[%emt 0:00:01]} g5 {[%emt 0:00:01]} 19. Rc1 {[%emt 0:00:01]} cxb5 {[%emt 0:00:01]} 20. Rc7 {[%emt 0:00:03]} Rxa2 {[%emt 0:00:01]} 21. Rxe7 {[%emt 0:00:00]} Qh5 {[%emt 0:00:03]} 22. Rc1 {[%emt 0:00:04]} Bf6 {[%emt 0:00:03]} 23. Ne1 {[%emt 0:00:07]} Bg4 {[%emt 0:00:01]} 24. Bd5+ {[%emt 0:00:01]} Kh8 {[%emt 0:00:01]} 25. Rcc7 {[%emt 0:00:02]} Bf5 {[%emt 0:00:01]} 26. Rf7 {[%emt 0:00:03]} Rd8 {[%emt 0:00:01]} 27. Nc2 {[%emt 0:00:01]} Qh3 {[%emt 0:00:01]} 28. Bg2 {[%emt 0:00:03]} Qg4 {[%emt 0:00:03]} 29. Rxf6 {[%emt 0:00:01]} Bxc2 {[%emt 0:00:01]} 30. Rxh6+ {[%emt 0:00:01]} Kg8 {[%emt 0:00:01]} 31. Bd5+ {[%emt 0:00:01]} Kf8 {[%emt 0:00:01]} 32. Rh8# {[%emt 0:00:01] (Lag: Av=0.08s, max=0.6s)} 1-0

[Event "Test Tournament"]
[Site "Emanuel Lasker Arena"]
[Date "2024.04.02"]
[Round "1"]
[White "Swindler"]
[Black "Chartwell"]
[Result "1/2-1/2"]
[WhiteElo "2231"]
[BlackElo "2178"]
[Annotator "RC"]
[PlyCount "65"]
[EventDate "2024.04.02"]
[EventType "swiss (blitz)"]

1. e4 {[%emt 0:00:01]} e5 {[%emt 0:00:01]} 2. Nf3 {[%emt 0:00:01]} Nc6 {[%emt 0:00:01]} 3. Bb5 {[%emt 0:00:01]} a6 {[%emt 0:00:01]} 4. Ba4 {[%emt 0:00:01]} Nf6 {[%emt 0:00:01]} 5. O-O {[%emt 0:00:01]} Be7 {[%emt 0:00:01]} 6. Re1 {[%emt 0:00:01]} b5 {[%emt 0:00:01]} 7. Bb3 {[%emt 0:00:01]} O-O {[%emt 0:00:01]} 8. c3 {[%emt 0:00:01]} d6 {[%emt 0:00:01]} 9. d4 {[%emt 0:00:01]} Bg4 {[%emt 0:00:01]} 10. Be3 {[%emt 0:00:01]} exd4 {[%emt 0:00:01]} 11. cxd4 {[%emt 0:00:01]} Na5 {[%emt 0:00:01]} 12. h3 {[%emt 0:00:01]} Nxb3 {[%emt 0:00:01]} 13. axb3 {[%emt 0:00:00]} Bh5 {[%emt 0:00:01]} 14. Bf4 {[%emt 0:00:02]} c5 {[%emt 0:00:01]} 15. g4 {[%emt 0:00:02]} Bg6 {[%emt 0:00:01]} 16. Ng5 {[%emt 0:00:02]} Qc7 {[%emt 0:00:02]} 17. h4 {[%emt 0:00:01]} cxd4 {[%emt 0:00:04]} 18. h5 {[%emt 0:00:02]} h6 {[%emt 0:00:01]} 19. hxg6 {[%emt 0:00:00]} hxg5 {[%emt 0:00:00]} 20. e5 {[%emt 0:00:01]} dxe5 {[%emt 0:00:01]} 21. Bxe5 {[%emt 0:00:01]} Qb7 {[%emt 0:00:01]} 22. Qd3 {[%emt 0:00:02]} Bb4 {[%emt 0:00:01]} 23. Nd2 {[%emt 0:00:01]} Nxg4 {[%emt 0:00:00]} 24. Qxd4 {[%emt 0:00:00]} Bxd2 {[%emt 0:00:02]} 25. Qxd2 {[%emt 0:00:01]} fxg6 {[%emt 0:00:00]} 26. Qxg5 {[%emt 0:00:00]} Qf3 {[%emt 0:00:02]} 27. Qxg6 {[%emt 0:00:02]} Qxf2+ {[%emt 0:00:01]} 28. Kh1 {[%emt 0:00:01]} Rf6 {[%emt 0:00:01]} 29. Qh5 {[%emt 0:00:01]} Qf3+ {[%emt 0:00:01]} 30. Kg1 {[%emt 0:00:01]} Qf2+ {[%emt 0:00:01]} 31. Kh1 {[%emt 0:00:01]} Qf3+ {[%emt 0:00:01]} 32. Kg1 {[%emt 0:00:01]} Qf2+ {[%emt 0:00:01]} 33. Kh1 {[%emt 0:00:01]} 1/2-1/2

[Event "Test Tournament"]
[Site "Emanuel Lasker Arena"]
[Date "2024.04.09"]
[Round "1"]
[White "CarlsenVomFach"]
[Black "Stratospheric"]
[Result "1-0"]
[WhiteElo "2230"]
[BlackElo "1620"]
[Annotator "RC"]
[PlyCount "27"]
[EventDate "2024.04.09"]
[EventType "swiss (blitz)"]
[TimeControl "60"]

1. e4 {[%emt 0:00:01]} e5 {[%emt 0:00:01]} 2. Nf3 {[%emt 0:00:01]} Nc6 {[%emt 0:00:01]} 3. Bb5 {[%emt 0:00:01]} Nf6 {[%emt 0:00:01]} 4. O-O {[%emt 0:00:01]} Nxe4 {[%emt 0:00:01]} 5. d4 {[%emt 0:00:01]} Nd6 {[%emt 0:00:00]} 6. Bxc6 {[%emt 0:00:01]} dxc6 {[%emt 0:00:01]} 7. dxe5 {[%emt 0:00:01]} Nf5 {[%emt 0:00:01]} 8. Qxd8+ {[%emt 0:00:01]} Kxd8 {[%emt 0:00:01]} 9. Nc3 {[%emt 0:00:01]} Ke8 {[%emt 0:00:01]} 10. Rd1 {[%emt 0:00:01]} Be6 {[%emt 0:00:01]} 11. Ng5 {[%emt 0:00:01]} Bc8 {[%emt 0:00:01]} 12. Nf3 {[%emt 0:00:01]} Be6 {[%emt 0:00:01]} 13. Ng5 {[%emt 0:00:01]} Bc8 {[%emt 0:00:01]} 14. Nf3 {[%emt 0:00:01] (Lag: Av=0.05s, max=0.1s)} 1-0

[Event "Test Tournament"]
[Site "Emanuel Lasker Arena"]
[Date "2024.04.09"]
[Round "1"]
[White "Alicia"]
[Black "Ceres"]
[Result "1-0"]
[WhiteElo "2226"]
[BlackElo "1620"]
[Annotator "RC"]
[PlyCount "47"]
[EventDate "2024.04.09"]
[EventType "swiss (blitz)"]

1. e4 {[%emt 0:00:01]} e6 {[%emt 0:00:02]} 2. d4 {[%emt 0:00:01]} d5 {[%emt 0:00:01]} 3. Nc3 {[%emt 0:00:01]} dxe4 {[%emt 0:00:01]} 4. Nxe4 {[%emt 0:00:01]} Nd7 {[%emt 0:00:01]} 5. Nf3 {[%emt 0:00:01]} Ngf6 {[%emt 0:00:01]} 6. Nxf6+ {[%emt 0:00:01]} Nxf6 {[%emt 0:00:01]} 7. Bd3 {[%emt 0:00:01]} c5 {[%emt 0:00:01]} 8. a4 {[%emt 0:00:01]} cxd4 {[%emt 0:00:02]} 9. Nxd4 {[%emt 0:00:01]} a6 {[%emt 0:00:02]} 10. O-O {[%emt 0:00:02]} Qxd4 {[%emt 0:00:02]} 11. Bb5+ {[%emt 0:00:01]} Qd7 {[%emt 0:00:07]} 12. Bxd7+ {[%emt 0:00:01]} Bxd7 {[%emt 0:00:01]} 13. Qd4 {[%emt 0:00:04]} Nd5 {[%emt 0:00:03]} 14. Bg5 {[%emt 0:00:04]} b6 {[%emt 0:00:03]} 15. h4 {[%emt 0:00:04]} Nf6 {[%emt 0:00:03]} 16. g4 {[%emt 0:00:01]} Be7 {[%emt 0:00:03]} 17. h5 {[%emt 0:00:03]} h6 {[%emt 0:00:02]} 18. Bf4 {[%emt 0:00:03]} O-O {[%emt 0:00:02]} 19. g5 {[%emt 0:00:02]} Ra7 {[%emt 0:00:16]} 20. gxf6 {[%emt 0:00:01]} Bxf6 {[%emt 0:00:00]} 21. Qxb6 {[%emt 0:00:01]} Raa8 {[%emt 0:00:02]} 22. c4 {[%emt 0:00:02]} Be7 {[%emt 0:00:01]} 23. Rfd1 {[%emt 0:00:02]} Rfd8 {[%emt 0:00:02]} 24. Be5 {[%emt 0:00:02] Time ' (Lag: Av=0.05s, max=0.1s)} 1-0